| 000 | 00776nam a22002297a 4500 | ||
|---|---|---|---|
| 003 | OSt | ||
| 005 | 20260603120658.0 | ||
| 008 | 260603b |||||||| |||| 00| 0 eng d | ||
| 020 | _a0761939067 | ||
| 040 | _cChuka University Library | ||
| 050 | _aLB 2806.15 .S6 2003 | ||
| 100 |
_aSolomon, Pearl G. _926920 |
||
| 245 |
_aThe Curriculum Bridge _bFrom Standards to Actual Classroom Practice |
||
| 250 | _a2nd Ed. | ||
| 260 |
_aCalifornia _bCorwin Press _c2003 |
||
| 300 |
_a202pp _bcoloured illustrations |
||
| 650 |
_aCurriculum Planning -United States _926921 |
||
| 650 |
_aEducation-Curricula-Standards-United States _926922 |
||
| 650 |
_aEducational tests and measurements _911401 |
||
| 650 |
_aCurriculum -based assessment -United States _926923 |
||
| 942 |
_2lcc _cBK _n0 |
||
| 999 |
_c23102 _d23102 |
||